1467 1923 1279 1807 1542 1475 1572 1784 1756 1206 1528 1337 1588 1574 1751 1424 1228 1151 1766 1977 1836 1391 1593 1778 1731 1748 1879 1153 1796 1300 1320 1764 1071 1055 1873 1143 1484 1115 1710 1427 1878 1701 1259 1222 1580 1601 1246 1449 1279 1154 1537 1860 1833 1098 1869 1984 1700 1503 1538 1013 1247 1018 1980 1812 1973 1410 1263 1531 1244 1639 1154 1860 1307 1814 1087 1963 1441 1830 1449 1679 1607 1932 1358 1967 1091 1716 1227 1100 1939 1379 1741 1362 1323 1602 1833 1194 1370 1310 1588 BCNSPRNW ULIB Ver.6.0+V

เปลี่ยนเป็นภาษาไทย

Change to English
 แสดงรายละเอียดบรรณานุกรม
  กลับหน้าหลัก

Brief Record : Get Marc (ISO 2709) : E-mail record : QR code < ปิดหน้าต่าง
LEADER : 00000nam 2200000uu 4500
001    13399111971
003     ULIB
008    110713s2542||||th 000 0 tha d
020    9746111361 (ล.2)
060 04 WA525^bกร513 ล.2 2542
245 00 การบริหารสาธารณสุขทั่วไป หน่วยที่ 8-15 =^bGeneral health management /^cสาขาวิชาวิทยาศาสตร์สุขภาพ มหาวิทยาลัยสุโขทัยธรรมาธิราช
246 31 General health management
250    พิมพ์ครั้งที่ 15
260    [นนทบุรี] :^bสำนักพิมพ์มหาวิทยาลัยสุโขทัยธรรมาธิราช,^c2542
300    2 เล่ม ;^c30 ซม.
500    "เอกสารการสอนชุดวิชา 52301 หน่วยที่ 8-15"- หน้าปกใน
500    สิ่งพิมพ์ของ มหาวิทยาลัยสุโขทัยธรรมาธิราชสาขาวิชาวิทยาศาสตร์สุขภาพ
650  4 สาธารณสุข, การบริหาร
710 2  มหาวิทยาลัยสุโขทัยธรรมาธิราช. ^bสาขาวิชาวิทยาศาสตร์สุขภาพ
945    ^p0^l0^i18407
945    ^p0^l0^i18408
945    ^p0^l0^i14876
995    กัณชพร
999 ^a ใช้งานได้ทุกระบบ
รายการนี้ยังไม่มีแท็ก
คุณยังไม่ได้ล็อกอิน คุณสามารถมีกิจกรรมร่วมกับเว็บไซต์ได้ แต่ต้องล็อกอินก่อน ::
  ล็อกอิน

รายการสื่อสารสนเทศ

ลำดับที่ ประเภท เลขเรียก/บาร์โค้ด สถานที่ สถานะ
- ไม่พบข้อมูล -

รายการใกล้เคียง
    หัวเรื่อง [สาธารณสุข, การบริหาร]

BibComment


ยังไม่เคยถูกคอมเมนท์

คอมเมนท์ทรัพยากรรายการนี้
  คอมเมนท์: การบริหารสาธารณสุ..


 Copyright 2026. Bcnsprnw @Library